Which U.S. State by Picture #2 - Statistics

General Stats
  • This quiz has been taken 15 times
  • The average score is 8 of 15
Answer Stats
Picture Answer % Correct
Georgia
100%
Florida
90%
Nevada
90%
Wyoming
90%
Illinois
70%
Louisiana
70%
New Mexico
70%
Oregon
70%
New Jersey
30%
Colorado
20%
Maryland
20%
North Dakota
20%
Oklahoma
20%
Ohio
10%
Rhode Island
10%
No matching quizzes found
Score Distribution
Percent of People with Each Score
Percentile by Number Answered
Your Score History
You have not taken this quiz